Ciudad Juárez: el auge de una ciudad fronteriza a partir de 1848
Guardat en:
| Autor principal: | |
|---|---|
| Format: | Llibre |
| Idioma: | espanyol |
| Publicat: |
Ciudad de México
Fondo de Cultura Económica
1978
|
| Col·lecció: | Sección de Obras de Historia
|
| Matèries: | |
| Etiquetes: |
Afegir etiqueta
Sense etiquetes, Sigues el primer a etiquetar aquest registre!
|
MARC
| LEADER | 00000nam a2200000 a 4500 | ||
|---|---|---|---|
| 001 | UCI5345 | ||
| 003 | CL-VaPUC | ||
| 008 | 080320e19780000MX |||||||||||||||||spa|d | ||
| 020 | |a 9681607155 | ||
| 082 | 0 | 4 | |a 327.72 |b MAR |2 21 |
| 100 | |a Martínez, Oscar Jáquez |e autor |9 527662 | ||
| 245 | 1 | 0 | |a Ciudad Juárez: el auge de una ciudad fronteriza a partir de 1848 |
| 300 | |a 254 p | ||
| 942 | |c BK | ||
| 945 | |d 20080320 00:00:00 |a jtorresc | ||
| 260 | |a Ciudad de México |b Fondo de Cultura Económica |c 1978 | ||
| 650 | 0 | |a Relaciones Internacionales |9 255740 | |
| 650 | 0 | |a Condiciones económicas |9 258255 | |
| 650 | 0 | |a Industrialización |9 263687 | |
| 650 | 7 | |a HISTORIA DE MEXICO SIGLO 19 |2 CL-VaPUC |9 406852 | |
| 651 | 7 | |a CIUDAD JUAREZ |2 CL-VaPUC |9 482263 | |
| 651 | 0 | |a México |9 255269 | |
| 651 | 0 | |a Estados Unidos |9 255178 | |
| 583 | |a last modification |c 20160829 04:41:18 |k Rodrigo Vera | ||
| 490 | 0 | |a Sección de Obras de Historia | |
| 999 | |c 329098 |d 329096 | ||
| 952 | |0 0 |1 0 |4 0 |6 327_720000000000000_MAR_1978 |7 0 |8 A |9 413420 |a BIBHIS |b BIBHIS |d 2019-11-22 |i 4417097 |o 327.72 MAR 1978 |p 4417097 |r 2025-01-20 |w 2019-11-22 |y BK |k HIS | ||